00991ntm a22002417a 450000500170000000800410001704000280005808200170008610000400010324501320014326000100027530000400028550001820032559000110050765000390051865300230055765500090058070000250058977700090061494200080062399900170063195201010064820170813160436.0170802s2014 xx a frb 000 0 eng d aEG-ScBUEbengcEG-ScBUE04222a624bABD1 aAbd EL-Halim, Amr Mansour Mohammed.10aSafety provisions of concrete structures in the light of different international codes /cby Amr Mansour Mohammed Abd El-Halim. c2014. axiv, 78 p. :bill. (col.) ;c28 cm. aA dissertation submitted to the faculty of engineering, the British university in Egypt, in partial fulfillment of the requirements for the bachelor degree in civil engineering. aaishaa 72BUEshaCivil EngineeringvProjects bENGCIVcAugust2017 vSPRO1 aSaleh, Hossam,eThs. ASPRO 2ddc c25351d25323 00102ddc4070aMAINbMAINc2NDd2017-08-09l0o624 ABDp000046637r2025-07-15 00:00:00yPROJST